|
|
|
|
| LEADER |
00000cam a2200000 7i4500 |
| 001 |
0000027033 |
| 005 |
20120328.0 |
| 008 |
101123 eng |
| 020 |
|
|
|a 0710503687
|
| 090 |
0 |
0 |
|a J 428.6 SER
|
| 245 |
1 |
0 |
|a Jimmy's Adventure :
|b Illustrated By: George Fryer
|
| 260 |
|
|
|a England :
|b Peter Haddocks Ltd
|
| 300 |
|
|
|a 23ms :
|b col,ill ;
|c 20cm.
|
| 440 |
|
0 |
|a A Big Time Wonder Book Read With Me
|
| 650 |
0 |
0 |
|a Reading
|
| 999 |
|
|
|a 0000093060
|b Buku
|c Koleksi Pinjaman Kanak-Kanak
|e Perpustakaan Cawangan Merlimau
|
| 999 |
|
|
|a 0000111506
|b Buku
|c Koleksi Pinjaman Kanak-Kanak
|e Perbadanan Perpustakaan Awam Melaka
|
| 999 |
|
|
|a 0000122563
|b Buku
|c Koleksi Pinjaman Kanak-Kanak
|e Perpustakaan Cawangan Masjid Tanah
|
| 999 |
|
|
|a 0000415987
|b Buku
|c Koleksi Pinjaman Kanak-Kanak
|e Perpustakaan Cawangan Jasin
|
| 999 |
|
|
|a 21014
|b Buku
|c Koleksi Pinjaman Kanak-Kanak
|e Perpustakaan Cawangan Masjid Tanah
|
| 999 |
|
|
|a 26497
|b Buku
|c Koleksi Pinjaman Kanak-Kanak
|e Perbadanan Perpustakaan Awam Melaka
|
| 999 |
|
|
|a 3032
|b Buku
|c Koleksi Pinjaman Kanak-Kanak
|e Perpustakaan Cawangan Merlimau
|
| 999 |
|
|
|a 73116
|b Buku
|c Rak Terbuka
|e Perbadanan Perpustakaan Awam Melaka
|